Errate den Fisch - Statistiken

Allgemein
  • Dieses Quiz wurde 68 mal gespielt
  • Das Durchschnittsergebnis liegt bei 7 aus 20
Antwortstatistiken
Bildquiz Antwort % Korrekt
Wels
65%
Scholle
58%
Hering
56%
Makrele
47%
Karpfen
44%
Steinbutt
44%
Stör
44%
Lachs
42%
Bachforelle
40%
Rotbarsch
37%
Heilbutt
33%
Kabeljau
33%
Regenbogenforelle
33%
Flunder
30%
Seezunge
21%
Köhler
16%
Alaska Seelachs
9%
Goldbrasse
9%
Pangasius
9%
Seehase
9%
Keine übereinstimmenden Quizze gefunden
Verteilung der Resultate
Anzahl Personen mit jedem Resultat
Perzentil nach korrekt beantworteten Fragen
Ihre Resultats-Entwicklung
Sie haben dieses Quiz noch nicht gespielt